Entry Konu Terimi
001 - KONTROL NUMARASI
- Kontrol alanı: 123247
003 - KONTROL NUMARASI KİMLİĞİ
- Kontrol alanı: TR-BiSEU
005 - SON İŞLEM TARİHİ VE ZAMANI
- Kontrol alanı: 20260207004610.0
008 - SABİT UZUNLUKTAKİ VERİ ÖGELERİ - GENEL BİLGİ
- Sabit uzunlukta kontrol alanı: 260207|| aca||aabn | a|a d
040 ## - KATALOGLAMA KAYNAĞI
- Özgün kataloglama kurumu: TR-BiSEU
- Çeviri kurumu: TR-BiSEU
150 ## - KONU BAŞLIKLARI - KONU TERİMİ
- Konu terimi: Kütüphanecilik--Kongreler--Türkiye
670 ## - BİLGİNİN KAYNAĞI
- Bilginin alındığı kaynak: KOHA: (TR-BiSEU)66034: Bilgi Eksenli Kuram ve Uygulamalar Sorgulayıcı ve Çözümleyici Yaklaşımlar Sempozyumu (2012 :Nevşehir) 123244, Bilgi Eksenli Kuram ve Uygulamalar Sorgulayıcı ve Çözümleyici Yaklaşımlar Sempozyumu, 31 Mayıs-02 Haziran 2012, Ürgüp, Nevşehir :
